| 000 | 00533nam a22001817a 4500 | ||
|---|---|---|---|
| 003 | CEME | ||
| 005 | 20210628202523.0 | ||
| 008 | 210209b xxu||||| |||| 00| 0 eng d | ||
| 020 | _a0-8144-7103-X | ||
| 040 | _c. | ||
| 082 | _a650.1 CAR | ||
| 100 |
_aCarlson, Gustav _960304 |
||
| 245 | _aDo you dot-com, a field guide understanding life at an internet company | ||
| 260 |
_aNEW YORK _bAMACOM PUBLISHER _c2001 |
||
| 300 | _aVIII,232P | ||
| 650 |
_aELECTRONIC COMMERCE-MANAGEMENT; PERSONNEL MANAGEMENT _960305 |
||
| 942 |
_cBK _2ddc |
||
| 999 |
_c570065 _d570065 |
||